Introduction

Bibliographic Details
Published in:The history of cartography, J.B. Harley and David Woodward, Chicago [etc.], p. 1-12 (3)
Main Authors: Woodward, David, Lewis, G.M.
Content type: Article
Published: 1998
Source:MPIPL_cat

MARC

LEADER 00000naa a2200000 u 4500
001 PL0086642
003 PLI01000000000000000084352
005 00000000000000.0
008 ||| u
100 1 |a Woodward, David 
245 0 0 |a Introduction  |c David Woodward, G.M. Lewis 
260 |c 1998 
696 |a Lewis, G. Malcolm 
700 1 |a Lewis, G.M. 
773 0 8 |t The history of cartography  |a J.B. Harley and David Woodward  |k 3  |d Chicago [etc.]  |g p. 1-12  |w MPIPL_cat.PL0086269  |z 0-226-90728-7  |i In: 
952 |h p. 1-12 
996 |a Aufsatz 
997 |a book chapter